000 00618nam a2200217Ia 4500
005 20260429112206.0
008 260429s9999||||xx |||||||||||||| ||und||
020 _a9788180940098
041 _aEnglish
082 _a660.6
_bMUR
100 _aMurugesan, A. G.
245 0 _aEnvironmental science and biotechnology :
_btheory and techniques /
_cA. G. Murugesan
250 _a1st ed.
260 _aChennai :
_bMJP Publishers ,
_c2024.
300 _axiii, 460 p.; pbk
650 _a Applied sciences
650 _a Biotechnology
650 _aEnvironmental science
700 _a Rajakumari, C.
942 _cTB
999 _c52815
_d52815